| 000 | 00874nam a2200241Ia 4500 | ||
|---|---|---|---|
| 003 | OSt | ||
| 005 | 20221005112351.0 | ||
| 006 | a|||||r|||| 00| 0 | ||
| 007 | ta | ||
| 008 | 221004b |||||||| |||| 00| 0 pan d | ||
| 020 |
_a9789393654055 (pbk) _c120 |
||
| 024 | _a14912 | ||
| 037 |
_b890, 08/09/2014, H.K. Prakashan _cTextual |
||
| 040 |
_aCRL _cCRL _bpan |
||
| 041 |
_2pan _apan |
||
| 082 | _az1w, 153Q3 | ||
| 100 | _aਜਗਰਾਓ੍ਵ, ਜਸਪ੍ਰੀਤ ਸਿੰਘ | ||
| 245 | 0 | _aਨੋਬਲ ਪੁਰਸਕਾਰ ਜੇਤੂ ਸਾਹਿਤਕਾਰ | |
| 260 |
_aਸਮਾਣਾ _bਸੰਗਮ ਪਬਲੀਕੇFਨਗ਼ ਭਾਰਤ _c2013 |
||
| 300 |
_a168ਪੰ _ccm. |
||
| 942 |
_hz1w, 153Q3 _cTEXL _2cc |
||
| 999 |
_c1024678 _d1024678 |
||